| 000 | 00000nam 2200000zi 4500 |
| 001 | 9.954356 |
| 003 | CaOODSP |
| 005 | 20250821093510 |
| 006 | m o d f |
| 007 | cr mn||||||||| |
| 008 | 250821e20241218oncd obs f000 0 eng d |
| 040 | |aCaOODSP|beng|erda|cCaOODSP |
| 043 | |an-cn--- |
| 086 | 1 |aCS82-003/2024-12-2E-PDF |
| 100 | 1 |aBushnik, Tracey, |eauthor. |
| 245 | 10|aFrom BpTRU to OMRON : |bthe impact of changing automated blood pressure measurement devices on blood pressure estimates among children and youth / |cby Tracey Bushnik, Robert Myette and Janine Clarke. |
| 264 | 1|a[Ottawa] : |bStatistics Canada = Statistique Canada, |cDecember 18, 2024. |
| 264 | 4|c©2024 |
| 300 | |a1 online resource (pages 16-30) : |bgraphs. |
| 336 | |atext|btxt|2rdacontent |
| 337 | |acomputer|bc|2rdamedia |
| 338 | |aonline resource|bcr|2rdacarrier |
| 490 | 1 |aHealth reports, |x1209-1367 ; |vvol. 35, no. 12, [2] |
| 500 | |aIssued also in French under title: De BpTRU à OMRON : incidence de l’utilisation d’un dispositif différent de mesure automatique de la tension artérielle sur les estimations de la tension artérielle chez les enfants et les jeunes. |
| 504 | |aIncludes bibliographical references (pages 29-30). |
| 520 | |a"This study assesses differences between BP values measured by both devices in children and youth aged 6 to 17 years and whether equations could be developed to compare BP measurements taken using the two devices"--Page 16. |
| 650 | 0|aBlood pressure|zCanada|xMeasurement|vStatistics. |
| 650 | 0|aBlood pressure|zCanada|vStatistics. |
| 650 | 0|aChildren|xHealth and hygiene|zCanada|vStatistics. |
| 650 | 0|aYouth|xHealth and hygiene|zCanada|vStatistics. |
| 655 | 7|aStatistics|2lcgft |
| 710 | 2 |aStatistics Canada, |eissuing body. |
| 775 | 08|tDe BpTRU à OMRON : |w(CaOODSP)9.954360 |
| 830 | #0|aHealth reports (Series)|x1209-1367 ; |vvol. 35, no. 12, [2].|w(CaOODSP)9.950253 |
| 856 | 40|qPDF|s2.36 MB|uhttps://publications.gc.ca/collections/collection_2025/statcan/82-003-x/CS82-003-2024-12-2-eng.pdf |
| 856 | 41|qHTML|sN/A|uhttps://www150.statcan.gc.ca/n1/pub/82-003-x/2024012/article/00002-eng.htm |